000 00492nam a2200145 a 4500
008 120416s1983 ||||||||||||||||| || u
020 _a0340331429
050 _aPR 6052. O52
100 _aBond, Michael
245 1 0 _aMonsieur Pamplemousse
260 _aLondon
_bHodder and Stoughton
_c1983
300 _a192 pages
350 _a0.00
995 _D0.00
_FCBU-MAIN LIBRARY (Kitwe)
_H1
_I7.95
_M1
_UAVAILABLE
_ZAnnex Low-Usage Collection
999 _c51638
_d51638